| 000 | 00630nam a2200205Ia 4500 | ||
|---|---|---|---|
| 003 | IN-BaIIA | ||
| 008 | 211028s9999 xx 000 0 eng d | ||
| 040 | _cIIA Library | ||
| 080 |
_a533 _bROS |
||
| 100 |
_aRose, David J. _93829 |
||
| 245 | 0 |
_aPlasmas and controlled fusion _cDavid J. Rose and Melville Clark |
|
| 260 |
_aNew York _bMIT Press _c1961 |
||
| 300 | _axiv, 493p. | ||
| 650 | _aAstronomy and astrophysics thesaurus | ||
| 650 |
_aControlled fusion _93830 |
||
| 650 |
_aPlasma physics _93732 |
||
| 650 |
_aPlasmas _91898 |
||
| 700 |
_aClark, Melville _93831 |
||
| 942 | _cBK | ||
| 999 |
_c2027 _d2027 |
||